| 000 | 00425nam a2200157Ia 4500 | ||
|---|---|---|---|
| 008 | 230917s9999||||xx |||||||||||||| ||und|| | ||
| 040 |
_e146263 _aMAIN |
||
| 041 | _aEnglish | ||
| 082 | _a150 M135U | ||
| 100 | _aMcconnell, James V. | ||
| 245 | 0 | _aUnderstanding human behaviour: a introduction to Psychology | |
| 250 | _a4th ed. | ||
| 260 |
_aNew York _bHolt, Rinehart and Winston _c1982 |
||
| 300 | _a697p p. | ||
| 942 | _cBK | ||
| 999 |
_c47702 _d47702 |
||